00482nam a22001577a 450000500170000001000150001702000260003203500140005803700130007208200060008510000210009124500730011226000390018527000780022430000220030220170518142042.0 aENG-118227 a9788172132637c350.00 aEN-101759 bDBAD/PUB aN aSumnyan, Sumnyak aLove in silence /bAstory of love and infatuation /cSumnyak Sumbyan aGuwahatibPurbanchal prakashc2015 aH. No. -2, Seujee Path, Wireless, Dr. B. N. Saikia Road , Guwahati-781006 a253p.c18cm. (Hb)